000 00709nam a2200253Ia 4500
003 OSt
005 20220918220650.0
006 a|||||r|||| 00| 0
007 ta
008 220917b |||||||| |||| 00| 0 eng d
024 _a146,717
037 _cTextual
040 _aARTS
_cARTS
_beng
041 _2eng
_aeng
082 _aY49(J).3.M, M0
100 _aMills Dennis R
_9138036
245 0 _aLord and peasant in nineteeenth century Britain
260 _aCroomhelm
_bRowman and Littlefield
_c1980
300 _a232p.
_ccm.
490 _aGromhelm historical geography series
650 _aSOCIOLOGY
942 _hY49(J).3.M, M0
_cTEXL
_2CC
999 _c269473
_d269473